000 00474cam a22002051 4500
001 4529803
005 20180201041856.0
008 730410s1958 mau 001 0 eng
010 _a 58008512
040 _aDLC
_cDLC
_dDLC
041 _aeng
043 _an-us---
080 _a330.973 GAL
082 0 0 _a330.973 GAL
100 1 _a52
101 _aEKO
245 1 4 _aThe affluent society.
906 _a7
_bcbc
_corignew
_du
_eocip
_f19
_gy-gencatlg
942 _2ddc
_cBK
999 _c41484
_d41484